Memorias y revista de la Sociedad Científica ´Antonio Alzate´ (Record no. 4065)

MARC details
000 -CABECERA
campo de control de longitud fija 00980nam a2200253 a 4500
001 - NÚMERO DE CONTROL
campo de control BRCA_4354
005 - FECHA Y HORA DE LA ÚLTIMA TRANSACCIÓN
campo de control 20190320204635.0
008 - DATOS DE LONGITUD FIJA--INFORMACIÓN GENERAL
campo de control de longitud fija 300410m19191932mx-a######---#000-0#spa-#
041 ## - CÓDIGO DE LENGUA
Código de lengua del texto/banda sonora o título independiente spa
044 ## - CÓDIGO DEL PAÍS DE LA ENTIDAD EDITORA/PRODUCTORA
Código MARC del país mx
050 #4 - SIGNATURA TOPOGRÁFICA DE LA BIBLIOTECA DEL CONGRESO
Número de clasificación Q23
Número de documento/Ítem .M46 8 1919
245 10 - MENCIÓN DE TÍTULO
Título Memorias y revista de la Sociedad Científica ´Antonio Alzate´
Mención de responsabilidad, etc. publicadas bajo la dirección de Rafael Aguilar y Santillan.
260 ## - PUBLICACIÓN, DISTRIBUCIÓN, ETC.
Lugar de publicación, distribución, etc. México
Nombre del editor, distribuidor, etc. Academia Nacional de Ciencias
Fecha de publicación, distribución, etc. 1919-1932
300 ## - DESCRIPCIÓN FÍSICA
Extensión 3 fascículos
Otras características físicas il.
Dimensiones 24 cm.
500 ## - NOTA GENERAL
Nota general Tomo 38, Núms. 3 y 4 marzo 1919 ; Tomo 38, Núms. 5-8 junio 1919 ; Tomo 52, 1929-1930, Núms. 1-4, 1932
500 ## - NOTA GENERAL
Nota general Revista inventariada por Banco de México como libro
500 ## - NOTA GENERAL
Nota general Ver también AA19, C30, H31, H56, Q141, Q142, Q143, S126, X9 y X39
500 ## - NOTA GENERAL
Nota general Q144
650 14 - PUNTO DE ACCESO ADICIONAL DE MATERIA--TÉRMINO DE MATERIA
Término de materia o nombre geográfico como elemento de entrada Ciencia
Subdivisión de forma Publicaciones periódicas
9 (RLIN) 10791
700 1# - PUNTO DE ACCESO ADICIONAL--NOMBRE DE PERSONA
Nombre de persona Aguilar y Santillan, Rafael
9 (RLIN) 11118
710 2# - PUNTO DE ACCESO ADICIONAL--NOMBRE DE ENTIDAD CORPORATIVA
Nombre de entidad corporativa o nombre de jurisdicción como elemento de entrada Academia Nacional de Ciencias
9 (RLIN) 10792
902 ## - CATALOGADOR
Iniciales GFM
942 ## - ELEMENTOS DE PUNTO DE ACCESO ADICIONAL (KOHA)
Fuente del sistema de clasificación o colocación Library of Congress Classification
Tipo de ítem Koha Libros
Holdings
Estado de retiro Estado de pérdida Estado dañado No para préstamo Localización permanente Ubicación/localización actual Fecha de adquisición Número de inventario Total de préstamos Signatura topográfica completa Código de barras Fecha visto por última vez Precio válido a partir de Tipo de ítem Koha
El ejemplar forma parte de la colección y puede ser consultado según las políticas vigentes.       Biblioteca del Museo Franz Mayer (Rogerio Casas-Alatriste) Biblioteca del Museo Franz Mayer (Rogerio Casas-Alatriste) 13/07/2010 Q144   Q23 .M46 8 1919 (Q144) 4351 22/03/2019 22/03/2019 Libros